Quizzes
Events
Quiz Creation
Community
Videos
Private Events
Remove Ads
Sign In
Join for FREE
Feedback
Dark Mode
Quiz Categories
Sports
Geography
Music
Movies
Television
Just For Fun
Miscellaneous
History
Literature
Language
Science
Gaming
Entertainment
Religion
Holiday
For Kids
Quiz Lab
Recent
Popular Today
Quiz Kudos Today
Editor Picks
Curator Picks
Quizzes by...
Day
Popularity
Type
Ratings
Length
Year
Community
Subscriptions
Recent Discussions
Orange Saloon
Badges
Playlists
Quests
Create
Leaderboards
Showdown
Live 5
Trivia Bingo
Activity
Puzzle Library
Sporcle Events
Private Events
Virtual Trivia
Globe League
Become a Host
Pub Owners
SporcleCon
Opinionation
Our Games
Videos
Blog
Mobile Apps
Partnerships
Remove Ads and Go Orange
Feedback
Geography
Country
Landmarks
City
State
Population
World
Capital
Continent
Flags
Europe
Africa
Asia
South America
North America
Oceania
Border
Canada
United Kingdom
Topography
United States
Geography
Country
Landmarks
City
State
Population
World
Capital
Continent
Flags
Europe
Africa
Asia
South America
North America
Oceania
Border
Canada
United Kingdom
Topography
United States
Random Quiz
Search Sporcle
×
Quiz Lab
Quiz Lab
Geography
Railway
Type in answers that appear in a list
Type in answers that appear in a list
Classic
Best Score? Go Orange.
Railway stations in Somerset Stats
Can you name the Railway stations in Somerset?
By
oi96
10m
19 Questions
414 Plays
414 Plays
414 Plays
Comments
Comments
Give Quiz Kudos
Give Quiz Kudos
-
- Ratings
hide this ad
Replay
Link that replays current quiz
Next Quiz
Link to next quiz in quiz playlist
You Got
0%
They Got
Avg Score
69%
Avg Friend Score
Upgrade to see
Score Distribution
Jump to the score distribution portion of the page
Score
0/19
Timer
10:00
0
Plays Today
Year Opened
Station
% Correct
1842
Taunton
95.9%
1840
Bath Spa
91%
1841
Weston-super-Mare
88.1%
1933
Weston Milton
88.1%
1860
Yeovil Junction
85.2%
1854
Yeovil Pen Mill
85.2%
1841
Bridgwater
84%
1856
Castle Cary
77%
1850
Frome
76%
1841
Highbridge & Burnham
71.7%
Year Opened
Station
% Correct
1841
Yatton
67.1%
1840
Nailsea & Backwell
66.8%
1856
Bruton
59.8%
1990
Worle
59.1%
1840
Keynsham
54.7%
1860
Crewkerne
50.6%
1929
Oldfield Park
45.8%
1983
Templecombe
40.2%
1857
Freshford
36.1%
Quiz Playlist
Details
Report
Send in Message
Add To Playlist
Classic:
Type in answers that appear in a list
Last Updated: Feb 16, 2017
Quiz Scoreboard
CHALLENGE
Sign Up to Join the Scoreboard
Show All
Scores
Hide
Comments
May contain spoilers
Recently Published
College Basketball Coaching Resumes
by pancakes188
Sports
9m
Billboard Blitz: Fleetwood Mac
by CooCooCachoo
Music
15s
Presidents Visiting Landmarks
by Hejman
History
7m
More to Explore
Quiz From the Vault
Featured Blog Post
Where Did the Easter Bunny Come From?
hide this ad
You Might Also Like...
Tags
Railway
station
usage
Today's Top Quizzes in Geography
Browse Geography
hide this ad
Today's Top Quizzes in Railway
Browse Railway
Top Contributed Quizzes in Geography
1
Countries of the World - No Outlines Minefield
2
Top 25 Cities of France on a map
3
Any capital of a 'B' country per Continent
4
Any capital of a 'C' country per Continent
5
Closest Countries to UK A-Z
6
Any capital of a 'D' country per Continent
7
5-to-1: US Geography No Hints
8
Any capital of an 'E' country per Continent
9
Any capital of an 'F' country per Continent
10
One Thing in Common: United Kingdom
Explore More
Trending Topics
Harry Potter
Crossword
Marvel
Disney
NBA
Anime
Kpop
Song
WWE
Country
NFL
Soccer
Puzzle
The Office
Pokémon
hide this ad
More By:
oi96
Quiz
Plays
Rating
Category
Featured
Created
Capitals of Central Asia
5,002
2.50
Geography
Dec 19, 2012
Railway stations in Cornwall
1,789
4.55
Geography
Mar 10, 2012
Railway Stations in Essex
1,302
4.40
Geography
Feb 19, 2012
Railway stations in Surrey
752
5.00
Geography
Feb 5, 2013
Stations on the East Coast Main Line (UK)
737
4.75
Geography
Feb 17, 2012
Go to Creator's Profile
Score Distribution
Quiz Creator Spotlight
oi96
Follow
Send a Message
Quizzes Created
-
Created Quiz Play Count
-
More By This Creator
Popular Quizzes Today
1
Find the US States - No Outlines Minefield
2
Find the Countries of Europe - No Outlines Minefield
3
The Countries of the World
4
Find the US States
5
Risky Map Clicking: Biggest States A-Z
6
US States
7
Popular People in 1961
8
Movies - When Are They Set?
More Geography Quizzes
Flag Color Click - Nauru
Quiz Lab
Trending Quizzes
Risky Map Clicking: Least Populous States A-Z
1-10 Letter G Words
1-10 Letter F Words
Risky Map Clicking: Next State Alphabetically
Risky Map Clicking: Biggest States A-Z
Recently Updated
Leaping Animals
pecheneg
Reality TV Shows (A-Z)
bhenderson79
Rickey Henderson's Hall of Fame Teammates
pecheneg
Champions League XIs: Arsenal
pecheneg
Quick Pick: Celebrities in WWE's Hall of Fame
aduchscher
A-Z Keypad Blitz II
pecheneg
Multiple Oscar Actors
pecheneg
Mystery Phrase Blitz: Oscar 'Best Actors'
pecheneg
F. Scott Fitzgerald Novels
LTH
Pick 3 Villains
ddd62291
Trending Topics
Marvel
Kpop
Anime
Disney
Harry Potter
NBA
Crossword
WWE
Song
Pokémon
Soccer
The Office
NFL
Puzzle
Country
Your Account Isn't Verified!
In order to create a playlist on Sporcle, you need to verify the email address you used during registration. Go to your
Sporcle Settings
to finish the process.
Report this User
Report this user for behavior that violates our
Community Guidelines
.
Details:
Send Report
Go to the Sporcle.com Mobile Site →
Comments